000 00797nam a22001937a 4500
005 20251108165452.0
008 250721s1979 xx 000 0 ara d
082 1 4 _aم/025.466349/عبد
100 1 _aبن عبد الله، عبد العزيز
245 1 0 _aنظام تصنيف أكسفورد العشري للعلوم الحراجيه :
_bإنجليزي - فرنسي - عربي /
250 _aجديده ومنقحه
264 1 _aالرباط :
_bالمنظمة العربية للتربية و الثقافة و العلوم - مكتب تنسيق التعريب في الوطن العربي،
_c1979.
300 _a278ص
490 0 _aسلسلة المعاجم
650 1 7 _aتصنيف الكتب
650 1 7 _aالغابات و التحريج
942 _2ddc
_cREF
999 _c28675
_d28675